| 000 | 00757cam a22002653a 4500 | ||
|---|---|---|---|
| 001 | 3802 | ||
| 003 | PGUSA | ||
| 005 | 20140828083038.0 | ||
| 008 | 060413s2006||||xxu|||||s|||||000 | eng d | ||
| 040 |
_aPGUSA _beng |
||
| 042 | _adc | ||
| 050 | 4 | _aPQ | |
| 100 | 1 |
_aGaboriau, Emile, _d1832-1873 |
|
| 245 | 1 | 4 |
_aThe Lerouge Case _h[electronic resource] / _cEmile Gaboriau |
| 260 |
_bProject Gutenberg, _c2006 |
||
| 500 | _aTranslation of L'affaire Lerouge. | ||
| 506 | _aPublic domain in the USA. | ||
| 516 | _aElectronic text | ||
| 653 | _aDetective and mystery stories | ||
| 740 | 0 | _aL'affaire Lerouge. English | |
| 740 | 0 | _aThe Widow Lerouge | |
| 830 | 0 |
_aProject Gutenberg _v3802 |
|
| 856 | 4 | 0 | _uhttp://www.gutenberg.org/ebooks/3802 |
| 942 | _cEB | ||
| 999 |
_c233131 _d233131 |
||